| 000 | 00496cab a2200205 4500 | ||
|---|---|---|---|
| 001 | X98973 | ||
| 008 | 090401t1999 xxu||||| |||| 00| 0 eng d | ||
| 035 | _a(Sirsi) u93720 | ||
| 041 | _aeng | ||
| 245 | _aBus shelters | ||
| 260 | _c1999 | ||
| 350 | _a0 | ||
| 490 |
_aEstates Gazette _v[1999] EGCS 76 (29/05/1999) |
||
| 650 | _aACCESS TO LAND | ||
| 650 | _aBUS SHELTER | ||
| 650 | _aR V ROWDE PARISH COUNCIL EX P IBBETSON | ||
| 690 | _aLAND-CASE LAW | ||
| 942 | _n0 | ||
| 948 | _c02/06/1999 | ||
| 999 |
_c59410 _d59410 |
||